000 00516pab a2200169 454500
008 180718b2005 xxu||||| |||| 00| 0 eng d
100 _aOrton, Michael
245 _aNew labour ambiguity, or neo-liberal consistency? The debate about racial inequality in employment and the use of contract compliance
260 _c2005
300 _ap.255-72.
362 _aApr
650 _aRacial discrimination
650 _aEmployment
700 _aRatcliffe, Peter
773 _aJournal of Social Policy
909 _a66326
999 _c66326
_d66326